000 00531nam a22002051 4500
001 1201516
003 ARRUPE
005 20160210153106.0
008 791113s1957 fr 000 0 fre
010 _aa 58003925 //r79
035 _a(OCoLC)ocm00342107
040 _aDLC
_cDLC
_dm.c.
_dZCU
050 0 _aPQ2603.U73
_bM6
100 1 _aButor, Michel.
_922238
245 1 3 _aLa modification;
_b[roman.
260 _aParis]
_bÉditions de minuit
_c[1957]
300 _a236 p.;
_c23 cm.
942 _2lcc
_cMONOGRAPH
999 _c124159
_d124159